Städte nach Koordinaten - Multiple Choice - Statistiken

Allgemein
  • Dieses Quiz wurde 13 mal gespielt
  • Das Durchschnittsergebnis liegt bei 5 aus 12
Antwortstatistiken
Frage Antwort % Korrekt
34° 36′ S, 58° 23′ W Buenos Aires
73%
59° 55′ N, 10° 45′ O Oslo
55%
48° 51′ N, 2° 21′ O Paris
55%
15° 35′ N, 32° 31′ O Khartum
45%
38° 7′ N, 13° 22′ O Palermo
45%
31° 57′ S, 115° 51′ O Perth
45%
51° 3′ N, 114° 4′ W Calgary
36%
3° 8′ N, 101° 42′ O Kuala Lumpur
36%
44° 59′ N, 93° 16′ W Minneapolis
36%
42° 0′ N, 21° 26′ O Skopje
27%
23° 44′ N, 90° 24′ O Dhaka
18%
29° 19′ S, 27° 29′ O Maseru
9%
Keine übereinstimmenden Quizze gefunden
Verteilung der Resultate
Anzahl Personen mit jedem Resultat
Perzentil nach korrekt beantworteten Fragen
Ihre Resultats-Entwicklung
Sie haben dieses Quiz noch nicht gespielt